[Event "2. Bundesliga West 2013/14"]
[Site "Salzburg"]
[Date "2014.03.07"]
[Round "9"]
[Board "4"]
[White "Besner, Bernhard"]
[Black "Matt, Stefan"]
[Result "1/2-1/2"]
[WhiteElo "2201"]
[BlackElo "2073"]
[PlyCount "85"]
[EventDate "2013.10.18"]
[EventType "team"]
[EventRounds "11"]
[EventCountry "AUT"]
[WhiteTeam "ASK Salzburg 1"]
[BlackTeam "Pradl"]

1. e4 e6 2. d4 d5 3. Nd2 Nc6 4. Ngf3 Nf6 5. e5 Nd7 6. Nb3 f6 7. Bb5 a5 8. O-O
a4 9. Nbd2 Nb6 10. exf6 Qxf6 11. Ne5 Bd7 12. Nxd7 Nxd7 13. Nf3 Bd6 14. c3 O-O
15. Bxa4 h6 16. Bc2 Rf7 17. Qd3 Nf8 18. Be3 Ne7 19. a3 g5 20. Rae1 Nfg6 21. h3
Rg7 22. Qd2 Nf5 23. Nh2 Bxh2+ 24. Kxh2 g4 25. Bxf5 exf5 26. Bxh6 Qd6+ 27. Kg1
Rh7 28. hxg4 fxg4 29. Re2 Kf7 30. Qg5 Rxh6 31. f4 Rah8 32. Kf2 Rh1 33. Rxh1
Rxh1 34. Qf5+ Kg7 35. Kg3 Rf1 36. Re6 Qxf4+ 37. Qxf4 Nxf4 38. Re7+ Kf6 39. Rxc7
Kg5 40. Rg7+ Ng6 41. Rxb7 Rd1 42. a4 Rd3+ 43. Kf2 1/2-1/2

[Event "2. Bundesliga West 2013/14"]
[Site "Salzburg"]
[Date "2014.03.07"]
[Round "9"]
[Board "5"]
[White "Lins, Philipp"]
[Black "Loeffler, Christoph"]
[Result "0-1"]
[WhiteElo "2067"]
[BlackElo "2167"]
[PlyCount "52"]
[EventDate "2013.10.18"]
[EventType "team"]
[EventRounds "11"]
[EventCountry "AUT"]
[WhiteTeam "Pradl"]
[BlackTeam "ASK Salzburg 1"]

1.Nf3 d5 2.g3 Nf6 3.Bg2 e6 4.O-O Be7 5.c4 O-O 6.d4 dxc4 7.Qc2 a6 8.Qxc4 b5 9.Qc2 Bb7
10.Bd2 Be4 11.Qc1 Ra7 12.Nc3 Bb7 13.Bf4 Nbd7 14.Rd1 Qa8 15.a3 c5 16.dxc5 Nxc5 17.Qc2
Nd5 18.Nxd5 Bxd5 19.Ng5 Bxg5 20.Bxd5 exd5 21.Qxc5 Bxf4 22.gxf4 Rd7 23.Rac1 Qe8 24.Qc6
Qe7 25.e3 Rd6 26.Qb7 Qxb70-1 0-1

[Event "2. Bundesliga West 2013/14"]
[Site "Salzburg"]
[Date "2014.03.07"]
[Round "9"]
[Board "6"]
[White "Pruell, Lukas"]
[Black "Praxmarer, Christian"]
[Result "1/2-1/2"]
[WhiteElo "1975"]
[BlackElo "1989"]
[PlyCount "98"]
[EventDate "2013.10.18"]
[EventType "team"]
[EventRounds "11"]
[EventCountry "AUT"]
[WhiteTeam "ASK Salzburg 1"]
[BlackTeam "Pradl"]

1. e4 e6 2. d4 d5 3. Nc3 Bb4 4. Nge2 Nc6 5. a3 Bxc3+ 6. Nxc3 dxe4 7. d5 exd5 8.
Qxd5 Be6 9. Qxe4 Nf6 10. Qh4 Qe7 11. Be2 O-O-O 12. Be3 Bf5 13. O-O Nd5 14. Qxe7
Ndxe7 15. Rfe1 Bxc2 16. Rac1 Bf5 17. b4 Kb8 18. f4 Be6 19. Bb5 Nd4 20. Ba4 Nef5
21. Bf2 Bb3 22. Bxd4 Nxd4 23. Re7 Bxa4 24. Nxa4 c6 25. Nc5 Rde8 26. Rce1 Rxe7
27. Rxe7 Ne6 28. Rxb7+ Ka8 29. Rxf7 Rf8 30. Rxf8+ Nxf8 31. Kf2 Kb8 32. Ke3 Kc7
33. Ke4 Kb6 34. g4 a5 35. f5 axb4 36. axb4 Kb5 37. Ne6 Nd7 38. Nd4+ Kb6 39. g5
h6 40. h4 hxg5 41. hxg5 c5 42. bxc5+ Nxc5+ 43. Ke5 Nd3+ 44. Ke6 Kc5 45. Nf3
Nf4+ 46. Kf7 Kd5 47. Kxg7 Ke4 48. Nh4 Ke5 49. Ng6+ Kxf5 1/2-1/2

[Event "2. Bundesliga West 2013/14"]
[Site "Salzburg"]
[Date "2014.03.07"]
[Round "9"]
[Board "1"]
[White "Bayer, Bernhard"]
[Black "Zelcic, Robert"]
[Result "1-0"]
[WhiteElo "2444"]
[BlackElo "2541"]
[PlyCount "125"]
[EventDate "2013.10.18"]
[EventType "team"]
[EventRounds "11"]
[EventCountry "AUT"]
[WhiteTeam "Schwaz"]
[BlackTeam "Schwarzach"]

1. Nf3 Nf6 2. g3 d5 3. Bg2 e6 4. O-O Be7 5. c4 O-O 6. b3 c5 7. Bb2 Nc6 8. cxd5
Nxd5 9. d4 Nxd4 10. Nxd4 Bf6 11. e3 cxd4 12. Bxd4 Nb4 13. Nc3 Bxd4 14. exd4 Rb8
15. Qd2 Bd7 16. a3 Nc6 17. Rfd1 Ne7 18. b4 Qb6 19. d5 exd5 20. Qd4 Qxd4 21.
Rxd4 Be6 22. Nxd5 Nc6 23. Rd2 Rfd8 24. Rad1 Kf8 25. f4 Bg4 26. Re1 Rd7 27. b5
Ne7 28. Rxe7 Rxe7 29. Nxe7 Kxe7 30. b6 axb6 31. Rb2 Kd6 32. Rxb6+ Kc7 33. Rb4
Be2 34. Re4 Bh5 35. f5 f6 36. Re7+ Kd6 37. Rxg7 b5 38. Rxh7 Be8 39. Rh8 Rc8 40.
Bf1 Ke7 41. Rh7+ Kd6 42. Rh6 Ke7 43. Rh4 Bd7 44. Re4+ Kd6 45. Rd4+ Ke7 46. g4
Rc1 47. Kf2 Rc2+ 48. Be2 Rc1 49. h4 Rh1 50. h5 Rh2+ 51. Ke1 Bc6 52. Rd3 Rh1+
53. Kd2 Rh2 54. Re3+ Kf7 55. Kc3 Rh1 56. Kb4 Be8 57. Bf3 Rb1+ 58. Kc5 Kf8 59.
h6 Rc1+ 60. Kb6 Rc2 61. Re2 Rc8 62. h7 Kg7 63. Re7+ 1-0

[Event "2. Bundesliga West 2013/14"]
[Site "Salzburg"]
[Date "2014.03.07"]
[Round "9"]
[Board "2"]
[White "Krstic, Uros"]
[Black "Panteleev, Petar"]
[Result "1-0"]
[WhiteElo "2439"]
[BlackElo "2306"]
[PlyCount "93"]
[EventDate "2013.10.18"]
[EventType "team"]
[EventRounds "11"]
[EventCountry "AUT"]
[WhiteTeam "Schwarzach"]
[BlackTeam "Schwaz"]

1. e4 e5 2. Nf3 Nc6 3. Bb5 Nf6 4. Qe2 Bc5 5. c3 O-O 6. O-O Re8 7. d3 h6 8. h3
a6 9. Ba4 b5 10. Bb3 Bf8 11. a4 Na5 12. Ba2 b4 13. cxb4 Nc6 14. b5 Nb4 15. Bc4
axb5 16. Bxb5 c6 17. Bc4 d5 18. exd5 cxd5 19. Bb5 Bd7 20. Na3 e4 21. dxe4 Nxe4
22. Be3 Ng3 23. fxg3 Bc5 24. Bxc5 Rxe2 25. Bxe2 Bxa4 26. Rac1 Nc6 27. Nd4 Ne5
28. Nf5 Nc6 29. Rf2 Rb8 30. Bf3 Rb7 31. g4 Rd7 32. Re2 Kh7 33. Bf2 Qg5 34. Rc5
Qd8 35. Nb1 Bd1 36. Rxc6 Bxe2 37. Bxe2 d4 38. Bd3 Kg8 39. Nd2 Rc7 40. Rxc7 Qxc7
41. Nc4 Qf4 42. Nxd4 Qc1+ 43. Bf1 Qb1 44. b3 g6 45. Nd2 Qc1 46. N2f3 Qb1 47.
Be1 1-0

[Event "2. Bundesliga West 2013/14"]
[Site "Salzburg"]
[Date "2014.03.07"]
[Round "9"]
[Board "3"]
[White "Gruber, Michael"]
[Black "Ljubic, Juro"]
[Result "1-0"]
[WhiteElo "2205"]
[BlackElo "2227"]
[PlyCount "101"]
[EventDate "2013.10.18"]
[EventType "team"]
[EventRounds "11"]
[EventCountry "AUT"]
[WhiteTeam "Schwaz"]
[BlackTeam "Schwarzach"]

1. e4 c5 2. Nf3 d6 3. Bb5+ Nd7 4. O-O Ngf6 5. Re1 a6 6. Bxd7+ Bxd7 7. e5 dxe5
8. Nxe5 e6 9. d4 Qb6 10. d5 Rd8 11. c4 Be7 12. Nc3 O-O 13. Qf3 Bc8 14. b3 Ne8
15. Nd3 Qc7 16. Bf4 Bd6 17. Rad1 Bxf4 18. Qxf4 Qa5 19. Na4 exd5 20. Naxc5 Nf6
21. a4 dxc4 22. b4 Qb6 23. Qxc4 Qc7 24. a5 b6 25. axb6 Qxb6 26. Ra1 Rd6 27. Ne5
Be6 28. Qxa6 Qb8 29. Qa4 Nd5 30. Ned7 Bxd7 31. Nxd7 Nb6 32. Nxb8 Nxa4 33. Rxa4
Rxb8 34. b5 f6 35. Rb4 Rdb6 36. Reb1 Kf7 37. Kf1 Ke6 38. Ke2 Kd5 39. Kd3 R8b7
40. Rd4+ Kc5 41. Rc1+ Kxb5 42. Rd5+ Ka4 43. Ra1+ Kb3 44. Rb1+ Ka2 45. Rxb6 Rxb6
46. Rd7 g6 47. Rxh7 Rb3+ 48. Ke4 Rb4+ 49. Kf3 Rb5 50. g4 Kb3 51. Rh6 1-0

[Event "2. Bundesliga West 2013/14"]
[Site "Salzburg"]
[Date "2014.03.07"]
[Round "9"]
[Board "4"]
[White "Stoeckl, Norbert"]
[Black "Kondrak, Christof"]
[Result "0-1"]
[WhiteElo "2086"]
[BlackElo "2165"]
[PlyCount "72"]
[EventDate "2013.10.18"]
[EventType "team"]
[EventRounds "11"]
[EventCountry "AUT"]
[WhiteTeam "Schwarzach"]
[BlackTeam "Schwaz"]

1.e4 c5 2.Nf3 Nc6 3.d4 cxd4 4.Nxd4 e5 5.Nb5 a6 6.Nd6+ Bxd6 7.Qxd6 f5 8.Nc3 Qf6 9.Qc7
Nge7 10.Be3 b5 11.O-O-O O-O 12.Nd5 Nxd5 13.exd5 Nd8 14.h4 f4 15.Bc5 Re8 16.Be2 Nb7
17.Bb6 d6 18.Qc6 Qe7 19.Qc3 Bf5 20.Qa3 Rec8 21.Bd3 Qf7 22.g3 e4 23.Bf1 e3 24.c3 Nc5
25.fxe3 fxg3 26.Rg1 Qe7 27.Rxg3 Qe4 28.Kd2 b4 29.cxb4 Qxh4 30.bxc5 Qxg3 31.c6 Bg4
32.Rc1 Rf8 33.Kc3 Rae8 34.Kb4 h5 35.Ka5 h4 36.Rc2 Rxf10-1 0-1

[Event "2. Bundesliga West 2013/14"]
[Site "Salzburg"]
[Date "2014.03.07"]
[Round "9"]
[Board "5"]
[White "Binder, Moriz"]
[Black "Hajdarevic, Dino"]
[Result "1/2-1/2"]
[WhiteElo "2044"]
[BlackElo "2098"]
[PlyCount "84"]
[EventDate "2013.10.18"]
[EventType "team"]
[EventRounds "11"]
[EventCountry "AUT"]
[WhiteTeam "Schwaz"]
[BlackTeam "Schwarzach"]

1. d4 Nf6 2. c4 e6 3. Nf3 b6 4. g3 Bb7 5. Bg2 Be7 6. O-O O-O 7. Nc3 d5 8. cxd5
exd5 9. Ne5 Nbd7 10. Qa4 Nb8 11. Rd1 Ne4 12. f3 Nxc3 13. bxc3 f6 14. Nd3 Bc6
15. Qb3 Qe8 16. e4 Kh8 17. Re1 dxe4 18. fxe4 Ba4 19. Qe6 Bd7 20. Qd5 Bc6 21.
Qf5 Nd7 22. Bf4 Rc8 23. Rad1 Nb8 24. Qg4 Bd7 25. Qe2 Ba4 26. Rd2 Qb5 27. e5 f5
28. d5 Nd7 29. Kh1 Qa5 30. c4 Nc5 31. Nxc5 Bxc5 32. Rf1 Bb4 33. Rd3 b5 34. a3
bxc4 35. Rdf3 Bc5 36. Qxc4 Bb6 37. Qb4 Qxb4 38. axb4 Bb5 39. Re1 Rcd8 40. Ra3
Bc4 41. e6 Rxd5 42. e7 Re8 1/2-1/2

[Event "2. Bundesliga West 2013/14"]
[Site "Salzburg"]
[Date "2014.03.07"]
[Round "9"]
[Board "6"]
[White "Huber, David"]
[Black "Streiter, Gerhard"]
[Result "1/2-1/2"]
[WhiteElo "2122"]
[BlackElo "1993"]
[PlyCount "108"]
[EventDate "2013.10.18"]
[EventType "team"]
[EventRounds "11"]
[EventCountry "AUT"]
[WhiteTeam "Schwarzach"]
[BlackTeam "Schwaz"]

1. d4 d5 2. Nf3 c6 3. e3 Nf6 4. Nbd2 Bf5 5. Bd3 Bxd3 6. cxd3 e6 7. O-O c5 8.
Nb3 Nbd7 9. dxc5 Nxc5 10. Nbd4 Bd6 11. b4 Ncd7 12. Qb3 O-O 13. Bd2 Rc8 14. Rfe1
Ne5 15. Rad1 Nxf3+ 16. Nxf3 Qc7 17. Rc1 Qb8 18. Rxc8 Rxc8 19. e4 dxe4 20. dxe4
Ng4 21. h3 Ne5 22. Nd4 Nc4 23. Bc3 b5 24. Nf3 Ne5 25. Bxe5 Bxe5 26. Qd3 Rd8 27.
Qe2 h6 28. Rc1 a6 29. Nxe5 Qxe5 30. Rc5 Qd4 31. Qe1 Qd2 32. Qxd2 Rxd2 33. a3
Rd3 34. a4 bxa4 35. Ra5 Rd4 36. Rxa4 Rxe4 37. f3 Rc4 38. Kf2 a5 39. Rxa5 Rxb4
40. Ra2 h5 41. Rc2 g6 42. Ra2 Kg7 43. Rc2 g5 44. Ra2 Kg6 45. Rc2 Kf5 46. Rc5+
e5 47. Rc2 g4 48. hxg4+ hxg4 49. Rc7 f6 50. Rc6 Kg5 51. Re6 Kf5 52. Rc6 gxf3
53. gxf3 Kg5 54. Re6 Kf5 1/2-1/2

[Event "2. Bundesliga West 2013/14"]
[Site "Salzburg"]
[Date "2014.03.07"]
[Round "9"]
[Board "1"]
[White "Lammers, Markus"]
[Black "Serafimov, Tervel"]
[Result "1/2-1/2"]
[WhiteElo "2353"]
[BlackElo "2425"]
[PlyCount "83"]
[EventDate "2013.10.18"]
[EventType "team"]
[EventRounds "11"]
[EventCountry "AUT"]
[WhiteTeam "SIR Bernhard 2"]
[BlackTeam "Bregenz"]

1. Nf3 d5 2. d4 Nf6 3. c4 c5 4. cxd5 cxd4 5. Qxd4 Qxd5 6. Nc3 Qxd4 7. Nxd4 a6
8. g3 e5 9. Nc2 Bf5 10. Ne3 Be6 11. Bg2 Nc6 12. Bd2 Rc8 13. O-O Bd6 14. Rfd1
O-O 15. Ned5 Nxd5 16. Nxd5 Bg4 17. Bc3 Bxe2 18. Rd2 Bh5 19. Nb6 Rcd8 20. Bxc6
bxc6 21. Nc4 Bc7 22. Rxd8 Rxd8 23. Nxe5 Bxe5 24. Bxe5 f6 25. Bc3 Bf3 26. Re1
Kf7 27. h3 Rd3 28. a3 g6 29. Kh2 Rd1 30. g4 Rxe1 31. Bxe1 Ke6 32. Kg3 Be2 33.
Kf4 Bf1 34. h4 h5 35. f3 Be2 36. gxh5 gxh5 37. Ke4 f5+ 38. Ke3 Bd1 39. Bc3 Kd5
40. Bf6 Ke6 41. Bg5 Kd5 42. Bf6 1/2-1/2

[Event "2. Bundesliga West 2013/14"]
[Site "Salzburg"]
[Date "2014.03.07"]
[Round "9"]
[Board "2"]
[White "Graf, Felix"]
[Black "Durakovic, Alman"]
[Result "0-1"]
[WhiteElo "2482"]
[BlackElo "2272"]
[PlyCount "62"]
[EventDate "2013.10.18"]
[EventType "team"]
[EventRounds "11"]
[EventCountry "AUT"]
[WhiteTeam "Bregenz"]
[BlackTeam "SIR Bernhard 2"]

1.d4 Nf6 2.Nf3 c5 3.d5 e6 4.Nc3 d6 5.e4 a6 6.dxe6 Bxe6 7.Ng5 Be7 8.Nxe6 fxe6 9.Bc4
Qd7 10.a4 Nc6 11.Bg5 O-O-O 12.O-O h6 13.Bxf6 Bxf6 14.a5 Kb8 15.Ra3 Rhe8 16.Qa1 Nb4
17.Bb3 Qc7 18.Ne2 d5 19.c3 Nd3 20.Qa2 c4 21.Ba4 Rf8 22.Nd4 Bxd4 23.cxd4 Qf4 24.Bc2
Nc1 25.Qb1 Ne2+ 26.Kh1 Nxd4 27.exd5 exd5 28.Bg6 Nb3 29.Qc2 d4 30.Rxb3 cxb3 31.Qxb3
Rc80-1 0-1

[Event "2. Bundesliga West 2013/14"]
[Site "Salzburg"]
[Date "2014.03.07"]
[Round "9"]
[Board "3"]
[White "Huch, Reiner"]
[Black "Dobosz, Henryk"]
[Result "0-1"]
[WhiteElo "2334"]
[BlackElo "2371"]
[PlyCount "54"]
[EventDate "2013.10.18"]
[EventType "team"]
[EventRounds "11"]
[EventCountry "AUT"]
[WhiteTeam "SIR Bernhard 2"]
[BlackTeam "Bregenz"]

1.Nf3 c5 2.c4 Nf6 3.Nc3 g6 4.e3 Bg7 5.d4 O-O 6.Be2 cxd4 7.exd4 d5 8.O-O Nc6 9.h3 b6
10.Bg5 dxc4 11.Bxc4 Na5 12.Be2 Bb7 13.Re1 Rc8 14.Bf1 h6 15.Bf4 a6 16.Qe2 e6 17.Rad1
Nd5 18.Nxd5 Qxd5 19.b3 Nc6 20.Qe3 Nb4 21.Re2 Kh7 22.Qd2 a5 23.Ne1 Ba6 24.Re3 Bxf1
25.Kxf1 Rfd8 26.Qe2 Qb7 27.Re4 Nxa20-1 0-1

[Event "2. Bundesliga West 2013/14"]
[Site "Salzburg"]
[Date "2014.03.07"]
[Round "9"]
[Board "4"]
[White "Bezler, Rainer"]
[Black "Pflug, Mathias"]
[Result "0-1"]
[WhiteElo "2212"]
[BlackElo "2298"]
[PlyCount "86"]
[EventDate "2013.10.18"]
[EventType "team"]
[EventRounds "11"]
[EventCountry "AUT"]
[WhiteTeam "Bregenz"]
[BlackTeam "SIR Bernhard 2"]

1.d4 Nf6 2.c4 g6 3.Nc3 Bg7 4.e4 d6 5.Nf3 O-O 6.Be2 e5 7.O-O Nc6 8.d5 Ne7 9.Qc2 Nd7
10.Rd1 a5 11.a3 f5 12.Rb1 Nc5 13.b4 axb4 14.axb4 Nxe4 15.Nxe4 fxe4 16.Ng5 Nf5 17.Nxe4
Nd4 18.Qb2 Bf5 19.Bd3 Qh4 20.f3 Bh6 21.c5 Bf4 22.Bxf4 Qxf4 23.Nc3 Qe3+ 24.Qf2 Qxf2+
25.Kxf2 Ra3 26.Bxf5 Rxc3 27.Be4 Ra8 28.Ra1 Rxa1 29.Rxa1 Rb3 30.Ra8+ Kf7 31.Ra7 Rxb4
32.c6 bxc6 33.Rxc7+ Kf6 34.dxc6 h5 35.Rd7 Ke6 36.Rg7 d5 37.Rxg6+ Ke7 38.Bxd5 Rb5 39.Be4
h4 40.Ke3 Ne6 41.Bf5 Nf4 42.Rg8 Rb2 43.Bd3 Nd5+0-1 0-1

[Event "2. Bundesliga West 2013/14"]
[Site "Salzburg"]
[Date "2014.03.07"]
[Round "9"]
[Board "5"]
[White "Wieneroiter, Gerald"]
[Black "Poettinger, Harald"]
[Result "1/2-1/2"]
[WhiteElo "2156"]
[BlackElo "2224"]
[PlyCount "60"]
[EventDate "2013.10.18"]
[EventType "team"]
[EventRounds "11"]
[EventCountry "AUT"]
[WhiteTeam "SIR Bernhard 2"]
[BlackTeam "Bregenz"]

1. Nf3 d6 2. c4 e5 3. Nc3 f5 4. d3 Nf6 5. g3 Be7 6. Bg2 O-O 7. O-O Qe8 8. Nd5
Bd8 9. b4 Qh5 10. Bb2 Nbd7 11. Nd2 Kh8 12. e4 Qxd1 13. Raxd1 Nxd5 14. cxd5 a5
15. a3 Nb6 16. Nc4 Nxc4 17. dxc4 f4 18. f3 Bd7 19. b5 g5 20. g4 Bf6 21. Bc3 Kg7
22. Be1 h5 23. h3 Rh8 24. Bf2 b6 25. Rfe1 Kf7 26. Kf1 Rh7 27. Ke2 Ke7 28. Rh1
Rah8 29. Rdg1 Kf7 30. Be1 Ke7 1/2-1/2

[Event "2. Bundesliga West 2013/14"]
[Site "Salzburg"]
[Date "2014.03.07"]
[Round "9"]
[Board "6"]
[White "Mira, Helene"]
[Black "Huber, Wolfgang"]
[Result "1-0"]
[WhiteElo "2066"]
[BlackElo "2046"]
[PlyCount "75"]
[EventDate "2013.10.18"]
[EventType "team"]
[EventRounds "11"]
[EventCountry "AUT"]
[WhiteTeam "Bregenz"]
[BlackTeam "SIR Bernhard 2"]

1. Nf3 Nf6 2. c4 b6 3. g3 Bb7 4. d4 e6 5. Bg2 Be7 6. O-O O-O 7. Nc3 Ne4 8. Bd2
Bf6 9. Qc2 Nxc3 10. Bxc3 d5 11. cxd5 exd5 12. Ne5 Re8 13. Nd3 Nc6 14. e3 Ba6
15. Rfd1 Qd6 16. Nf4 Ne7 17. Nh5 Bb7 18. Nxf6+ Qxf6 19. Bb4 Nc6 20. Ba3 Rad8
21. Rac1 g6 22. b4 a6 23. Qb3 Qf5 24. Rd3 Re6 25. Rdc3 b5 26. Rc5 Rf6 27. R1c2
Rfd6 28. Bb2 Qe6 29. a4 bxa4 30. Qxa4 Ra8 31. Qb3 Rad8 32. Rc1 Ba8 33. Ba3 Kg7
34. Qa4 Kg8 35. Bf1 Bb7 36. b5 Ne7 37. Rxc7 axb5 38. Bxb5 1-0

[Event "2. Bundesliga West 2013/14"]
[Site "Salzburg"]
[Date "2014.03.07"]
[Round "9"]
[Board "2"]
[White "Novkovic, Milan"]
[Black "Ager, Josef"]
[Result "1-0"]
[WhiteElo "2381"]
[BlackElo "2167"]
[PlyCount "61"]
[EventDate "2013.10.18"]
[EventType "team"]
[EventRounds "11"]
[EventCountry "AUT"]
[WhiteTeam "Hohenems II"]
[BlackTeam "Ranshofen"]

1. d4 g6 2. c4 Bg7 3. Nc3 d6 4. e4 e5 5. Nf3 exd4 6. Nxd4 Nc6 7. Be3 Nge7 8.
Qd2 O-O 9. O-O-O f5 10. Nxc6 bxc6 11. h4 fxe4 12. Bd4 Bxd4 13. Qxd4 c5 14. Qxe4
Bf5 15. Qe3 Nc6 16. h5 Qf6 17. f3 Rab8 18. hxg6 Bxg6 19. Bd3 Nb4 20. Bb1 Nc6
21. Rh6 Ne5 22. Bxg6 hxg6 23. Nd5 Qg7 24. Rdh1 Rf7 25. b3 c6 26. Nc3 Rff8 27.
Kc2 Nf7 28. Qe6 Rbe8 29. Rh8+ Qxh8 30. Rxh8+ Kxh8 31. Qxg6 1-0

[Event "2. Bundesliga West 2013/14"]
[Site "Salzburg"]
[Date "2014.03.07"]
[Round "9"]
[Board "3"]
[White "Riediger, Martin"]
[Black "Kessler, Luca"]
[Result "1-0"]
[WhiteElo "2264"]
[BlackElo "2238"]
[PlyCount "85"]
[EventDate "2013.10.18"]
[EventType "team"]
[EventRounds "11"]
[EventCountry "AUT"]
[WhiteTeam "Ranshofen"]
[BlackTeam "Hohenems II"]

1. d4 Nf6 2. Nf3 g6 3. Bf4 Bg7 4. Nbd2 O-O 5. c3 d6 6. h3 Nbd7 7. e3 Re8 8. Bh2
e5 9. dxe5 Nxe5 10. Nxe5 dxe5 11. Nc4 Nd7 12. Qd5 Qe7 13. Be2 Nc5 14. O-O Rd8
15. Qf3 Bd7 16. e4 Bc6 17. Qe3 Nxe4 18. Na5 Qc5 19. Nxc6 Qxe3 20. fxe3 bxc6 21.
Bf3 Nd2 22. Rfd1 Nc4 23. Bxc6 Nxb2 24. Rd5 Rab8 25. Rf1 Nc4 26. Rc5 Nxe3 27.
Re1 Rd1 28. Rxd1 Nxd1 29. Be4 f5 30. Bd5+ Kf8 31. Bb3 e4 32. Bxd1 Rb1 33. Rd5
c6 34. Rd7 Bxc3 35. Kf2 Rb2+ 36. Kf1 Rxa2 37. Bb3 Rb2 38. Be6 Rb1+ 39. Ke2 Bb4
40. Be5 a5 41. Bf6 Re1+ 42. Kf2 e3+ 43. Kg3 1-0

[Event "2. Bundesliga West 2013/14"]
[Site "Salzburg"]
[Date "2014.03.07"]
[Round "9"]
[Board "4"]
[White "Atlas, Dmitry"]
[Black "Spiesberger, Gerhard"]
[Result "1/2-1/2"]
[WhiteElo "2177"]
[BlackElo "2098"]
[PlyCount "74"]
[EventDate "2013.10.18"]
[EventType "team"]
[EventRounds "11"]
[EventCountry "AUT"]
[WhiteTeam "Hohenems II"]
[BlackTeam "Ranshofen"]

1. e4 d5 2. exd5 Qxd5 3. d4 e5 4. Nf3 exd4 5. Qxd4 Nf6 6. Bc4 Qxd4 7. Nxd4 Bc5
8. Nb3 Bd6 9. O-O O-O 10. Nc3 Nc6 11. Nb5 Be6 12. Nxd6 cxd6 13. Bxe6 fxe6 14.
c3 a5 15. Rd1 a4 16. Nd4 Nxd4 17. Rxd4 d5 18. f3 b5 19. Rb4 Rab8 20. Bf4 Rb7
21. Re1 Kf7 22. b3 axb3 23. axb3 Rc8 24. Bd2 Ra8 25. c4 dxc4 26. bxc4 Rd7 27.
Bc3 bxc4 28. Rxc4 Nd5 29. Be5 Ra2 30. h4 h5 31. Kh2 Rb7 32. Kh3 Ra3 33. Rc6 Rb6
34. Rxb6 Nxb6 35. Rb1 Nd7 36. Rb7 Rd3 37. Bb2 Kg6 1/2-1/2

[Event "2. Bundesliga West 2013/14"]
[Site "Salzburg"]
[Date "2014.03.07"]
[Round "9"]
[Board "5"]
[White "Kuecher, Wolfgang"]
[Black "Sandholzer, Robert"]
[Result "1/2-1/2"]
[WhiteElo "2079"]
[BlackElo "2192"]
[PlyCount "53"]
[EventDate "2013.10.18"]
[EventType "team"]
[EventRounds "11"]
[EventCountry "AUT"]
[WhiteTeam "Ranshofen"]
[BlackTeam "Hohenems II"]

1. d4 d5 2. Nf3 Nf6 3. c4 e6 4. Nc3 c6 5. Bg5 dxc4 6. e4 b5 7. e5 h6 8. Bh4 g5
9. Nxg5 hxg5 10. Bxg5 Be7 11. exf6 Bxf6 12. Bxf6 Qxf6 13. g3 Na6 14. Bg2 Bb7
15. Nxb5 cxb5 16. Bxb7 Nb4 17. O-O Rd8 18. Qf3 Qh6 19. h4 Nc2 20. Rad1 Nxd4 21.
Rxd4 Rxd4 22. Qc6+ Ke7 23. Qc5+ Rd6 24. Qc7+ Rd7 25. Qc5+ Rd6 26. Qc7+ Rd7 27.
Qc5+ 1/2-1/2

[Event "2. Bundesliga West 2013/14"]
[Site "Salzburg"]
[Date "2014.03.07"]
[Round "9"]
[Board "6"]
[White "Kuntner, Reinhard"]
[Black "Fruehauf, Norbert"]
[Result "1/2-1/2"]
[WhiteElo "1943"]
[BlackElo "2055"]
[PlyCount "94"]
[EventDate "2013.10.18"]
[EventType "team"]
[EventRounds "11"]
[EventCountry "AUT"]
[WhiteTeam "Hohenems II"]
[BlackTeam "Ranshofen"]

1. d4 Nf6 2. Nf3 e6 3. c4 Bb4+ 4. Bd2 Qe7 5. e3 b6 6. Bxb4 Qxb4+ 7. Qd2 Nc6 8.
a3 Qe7 9. Nc3 O-O 10. Be2 d6 11. O-O Bb7 12. b4 a5 13. Qb2 e5 14. d5 Nb8 15.
Rfd1 Nbd7 16. Rac1 Rfb8 17. Nb5 Nf8 18. Qc2 axb4 19. axb4 Ba6 20. Nc3 Ng6 21.
h3 Bc8 22. Ra1 Ne8 23. Ra2 Bd7 24. Rda1 Qd8 25. Ra7 Rxa7 26. Rxa7 Nh4 27. Nxh4
Qxh4 28. Qa2 f5 29. Qa3 f4 30. exf4 exf4 31. c5 bxc5 32. bxc5 Bf5 33. cxd6 cxd6
34. Ra8 Qd8 35. Rxb8 Qxb8 36. Bg4 Bxg4 37. hxg4 Qc8 38. f3 Qc4 39. Qa8 Kf8 40.
Ne4 Qd4+ 41. Kh2 Qe5 42. Qc6 h6 43. Kg1 Kg8 44. Qd7 Kh7 45. Kh2 Kg6 46. Kg1 Kh7
47. Kh2 Kg6 1/2-1/2

[Event "2. Bundesliga West 2013/14"]
[Site "Salzburg"]
[Date "2014.03.08"]
[Round "10"]
[Board "1"]
[White "Zelbel, Patrick"]
[Black "Medvegy, Zoltan"]
[Result "0-1"]
[WhiteElo "2395"]
[BlackElo "2516"]
[PlyCount "175"]
[EventDate "2013.10.18"]
[EventType "team"]
[EventRounds "11"]
[EventCountry "AUT"]
[WhiteTeam "Kufstein / Woergl"]
[BlackTeam "Ranshofen"]

1.d4 Nf6 2.Nf3 e6 3.c4 b6 4.g3 Bb7 5.Bg2 Bb4+ 6.Bd2 Bxd2+ 7.Qxd2 O-O 8.Nc3 Ne4 9.Nxe4
Bxe4 10.O-O d6 11.Qe3 Bb7 12.Qd3 f5 13.Nd2 Bxg2 14.Kxg2 Qf6 15.f4 Nc6 16.Nf3 Rad8
17.Qc3 h6 18.h4 Rde8 19.e3 Nb8 20.Qa3 a5 21.c5 Qe7 22.Rac1 Na6 23.cxd6 cxd6 24.Rc3
Nb4 25.Rfc1 Rf7 26.Qa4 Nd5 27.Qxe8+ Qxe8 28.Rc8 Kf8 29.Kf2 Nb4 30.Ke2 Rb7 31.a3 Nd5
32.Nd2 Nf6 33.Kf3 d5 34.Ke2 Ke7 35.Rxe8+ Kxe8 36.Kd3 Nh5 37.Nf1 Kd7 38.b3 Rb8 39.Rc2
Rg8 40.Ke2 g5 41.hxg5 hxg5 42.fxg5 Rxg5 43.Kf3 Nf6 44.Nh2 Rg8 45.Nf1 Rh8 46.Rc1 Ne4
47.Rc2 Kd6 48.Rc1 b5 49.Rc2 a4 50.b4 Kd7 51.Rc1 Rc8 52.Rxc8 Kxc8 53.Kf4 Nd6 54.Nd2
Nc4 55.Nb1 Kd7 56.Kf3 Ke7 57.Kf4 Kf6 58.Kf3 Kg5 59.Ke2 Kg4 60.Kf2 Kh3 61.Kf3 Kh2 62.Kf4
Kg2 63.Nc3 Nxa3 64.Ke5 Nc4+ 65.Kxe6 Nxe3 66.Nxb5 Kxg3 67.Nc3 f4 68.b5 Nc4 69.Kxd5
Nb6+ 70.Kc5 f3 71.Kxb6 f2 72.Ne4+ Kh4 73.Nxf2 a3 74.Kc7 a2 75.b6 a1=Q 76.b7 Qc3+ 77.Kd7
Qxd4+ 78.Kc7 Qc5+ 79.Kd7 Qb6 80.Kc8 Qc5+ 81.Kd7 Qb6 82.Kc8 Qc6+ 83.Kb8 Kg5 84.Nd3
Kf5 85.Nb4 Qb5 86.Kc7 Qa5+ 87.Kc8 Qc5+ 88.Kd80-1 0-1

[Event "2. Bundesliga West 2013/14"]
[Site "Salzburg"]
[Date "2014.03.08"]
[Round "10"]
[Board "2"]
[White "Konnyu, Janos"]
[Black "Koepke, Christian"]
[Result "0-1"]
[WhiteElo "2314"]
[BlackElo "2336"]
[PlyCount "108"]
[EventDate "2013.10.18"]
[EventType "team"]
[EventRounds "11"]
[EventCountry "AUT"]
[WhiteTeam "Ranshofen"]
[BlackTeam "Kufstein / Woergl"]

1.d4 Nf6 2.Bg5 Ne4 3.Bf4 c5 4.f3 Nf6 5.d5 Nh5 6.Bc1 e6 7.Nh3 exd5 8.g4 Nf6 9.g5 Nh5
10.Nc3 d4 11.Nd5 d6 12.e4 h6 13.Rg1 Nc6 14.Nf2 Be6 15.h4 Qd7 16.gxh6 O-O-O 17.f4 g6
18.Be2 Bxh6 19.c4 dxc3 20.bxc3 Bg7 21.Bd2 Nf6 22.f5 Bxd5 23.exd5 Nxd5 24.fxg6 Nxc3
25.Bxc3 Bxc3+ 26.Kf1 Kb8 27.g7 Rhg8 28.Rb1 Rxg7 29.Rxg7 Bxg7 30.Bb5 Bd4 31.Qf3 Ka8
32.Ne4 Qc7 33.Nf6 Bxf6 34.Qxf6 Qd7 35.Qf3 d5 36.h5 Qe6 37.Re1 Ne5 38.Qf4 Qh3+ 39.Kf2
f6 40.Be2 Rg8 41.Rg1 Re8 42.h6 a6 43.Rg2 Nf7 44.Rh2 Qe6 45.Kf1 d4 46.h7 Rh8 47.Bd3
Ng5 48.Qc7 Qe5 49.Qg7 Qxh2 50.Qxh8+ Ka7 51.Qf8 Qf4+ 52.Kg2 Qf3+ 53.Kh2 Qh5+ 54.Kg3
Nxh70-1 0-1